000 00669nam a2200253Ia 4500
001 44590
005 20240114003636.0
007 ta
008 090228s1965 a g b000 u 346 u
020 _cPB
040 _aCotton College,Assam
041 _a346
082 _a915.91
_bB 223 Ir
100 _aBondopadhyay, SudhangshuMohan .
245 0 _aIrawati Theke Nayegra /
_cSudhangshuMohan Bondopadhyay.
_hTextual Documents
250 _a1st ed /
260 _aCalcutta :
_bRupa & Co. ,
_c1965.
300 _a198p. :
_bill ;
_c20 cm .
653 _aGeography
653 _aT/G-Geography
942 _2ddc
_cBK
999 _c44556
_d44556